[Event "Vercelli op"]
[Site "Vercelli"]
[Date "2014.06.14"]
[Round "2"]
[White "Yao, Stefano"]
[Black "Nastro, Federico"]
[Result "1-0"]
[WhiteElo "2152"]
[BlackElo "1897"]
[PlyCount "67"]
[EventDate "2014.06.13"]
[EventType "swiss"]
[EventRounds "5"]
[EventCountry "ITA"]
[SourceTitle "EXT 2024"]
[Source "ChessBase"]
[SourceDate "2023.10.10"]
[SourceVersion "1"]
[SourceVersionDate "2023.10.10"]
[SourceQuality "1"]

1. c4 Nf6 2. Nf3 g6 3. g3 Bg7 4. Bg2 c5 5. 0-0 0-0 6. Nc3 Nc6 7. d4 cxd4 8. Nxd4 Nxd4 9. Qxd4 a6 10. c5 d6 11. cxd6 Ne8 12. Qh4 Nxd6 13. Rd1 Qd7 14. Bg5 Nf5 15. Qc4 Qe8 16. Qc7 h6 17. Bc1 Nd4 18. Rxd4 Bxd4 19. Bxh6 Bg7 20. Bxg7 Kxg7 21. Nd5 Qd8 22. Qc3+ Kg8 23. Rd1 Qd6 24. Qe3 Qe6 25. Nxe7+ Kh7 26. Qg5 Qg4 27. Qf6 Qe6 28. Qh4+ Kg7 29. Nd5 Qg4 30. Qf6+ Kg8 31. Rd4 Re8 32. Ne7+ Kf8 33. Rxg4 Bxg4 34. Nxg6+ 1-0